<?xml version="1.0" encoding="UTF-8"?>
<collection xmlns="http://www.loc.gov/MARC21/slim">
<record>
  <controlfield tag="001">164157</controlfield>
  <controlfield tag="005">20251127172930.0</controlfield>
  <datafield tag="024" ind1="7" ind2=" ">
    <subfield code="2">doi</subfield>
    <subfield code="a">10.1108/JPBAFM-01-2025-0016</subfield>
  </datafield>
  <datafield tag="024" ind1="8" ind2=" ">
    <subfield code="2">sideral</subfield>
    <subfield code="a">146328</subfield>
  </datafield>
  <datafield tag="037" ind1=" " ind2=" ">
    <subfield code="a">ART-2025-146328</subfield>
  </datafield>
  <datafield tag="041" ind1=" " ind2=" ">
    <subfield code="a">eng</subfield>
  </datafield>
  <datafield tag="100" ind1=" " ind2=" ">
    <subfield code="a">Cohen, Sandra</subfield>
  </datafield>
  <datafield tag="245" ind1=" " ind2=" ">
    <subfield code="a">Connecting the dots: from SDGs to well-being</subfield>
  </datafield>
  <datafield tag="260" ind1=" " ind2=" ">
    <subfield code="c">2025</subfield>
  </datafield>
  <datafield tag="520" ind1="3" ind2=" ">
    <subfield code="a">Purpose – Sustainable Development Goals (SDGs) are gaining traction globally, yet limited empirical evidence exists on how national characteristics influence SDGs achievement and how this success translates into citizens’ well-being. The paper develops and tests a model examining the influence of governance, political and economic factors on SDG achievement and the subsequent relationship between SDG accomplishments and perceived well-being.
Design/methodology/approach – Using data from the United Nations (UN) database on SDGs, the World Happiness Index, democracy metrics and Gross Domestic Product (GDP) statistics, the study analyses 96 countries in 2022. Partial Least Squares Structural Equation Modelling (PLS-SEM) is employed to uncover
intricate relationships and dependencies among variables.
Findings – The results indicate that strong coordination for meeting SDGs, i.e. SDG17, high democracy levels and country wealth significantly enhance SDG achievements. In turn, successful SDG implementation positively influences citizen well-being, suggesting that sustainability efforts have meaningful everyday effects.
Practical implications – Governance emerges as another key enabler for SDG achievement alongside political and economic factors. The findings highlight the importance of investments in governance capacity and the recognition of SDG targets as reflections of deeper socioeconomic mechanisms and well-being drivers and not just as standalone goals. Furthermore, our findings pose challenges in public financial management on a dual front. Firstly, whether more accounting-based ratios can better track SDG achievement and improve transparency and comparability. Secondly, whether a new system of accounting based on well-being indicators should be developed to illuminate the sustainability-well-being nexus and inform sociopolitical and environmental decision-making.
Originality/value – The study underscores governance as a central aspect to SDG successful achievement and citizen well-being, affirming the role of public administration in enhancing happiness.</subfield>
  </datafield>
  <datafield tag="506" ind1="0" ind2=" ">
    <subfield code="a">Access copy available to the general public</subfield>
    <subfield code="f">Unrestricted</subfield>
  </datafield>
  <datafield tag="536" ind1=" " ind2=" ">
    <subfield code="9">info:eu-repo/grantAgreement/ES/DGA/S11-23R-CEMBE</subfield>
  </datafield>
  <datafield tag="540" ind1=" " ind2=" ">
    <subfield code="9">info:eu-repo/semantics/openAccess</subfield>
    <subfield code="a">by</subfield>
    <subfield code="u">https://creativecommons.org/licenses/by/4.0/deed.es</subfield>
  </datafield>
  <datafield tag="655" ind1=" " ind2="4">
    <subfield code="a">info:eu-repo/semantics/article</subfield>
    <subfield code="v">info:eu-repo/semantics/publishedVersion</subfield>
  </datafield>
  <datafield tag="700" ind1=" " ind2=" ">
    <subfield code="a">Mamakou, Xenia J.</subfield>
  </datafield>
  <datafield tag="700" ind1=" " ind2=" ">
    <subfield code="a">Manes Rossi, Francesca</subfield>
  </datafield>
  <datafield tag="700" ind1=" " ind2=" ">
    <subfield code="a">Brusca, Isabel</subfield>
    <subfield code="u">Universidad de Zaragoza</subfield>
    <subfield code="0">(orcid)0000-0002-2897-1744</subfield>
  </datafield>
  <datafield tag="710" ind1="2" ind2=" ">
    <subfield code="1">4002</subfield>
    <subfield code="2">230</subfield>
    <subfield code="a">Universidad de Zaragoza</subfield>
    <subfield code="b">Dpto. Contabilidad y Finanzas</subfield>
    <subfield code="c">Área Economía Finan. y Contab.</subfield>
  </datafield>
  <datafield tag="773" ind1=" " ind2=" ">
    <subfield code="g">37, 6 (2025), 393-412</subfield>
    <subfield code="p">J. pub. budg. account. financ. manag.</subfield>
    <subfield code="t">Journal of public budgeting, accounting &amp; financial management</subfield>
    <subfield code="x">1096-3367</subfield>
  </datafield>
  <datafield tag="856" ind1="4" ind2=" ">
    <subfield code="s">935214</subfield>
    <subfield code="u">http://zaguan.unizar.es/record/164157/files/texto_completo.pdf</subfield>
    <subfield code="y">Versión publicada</subfield>
  </datafield>
  <datafield tag="856" ind1="4" ind2=" ">
    <subfield code="s">2072628</subfield>
    <subfield code="u">http://zaguan.unizar.es/record/164157/files/texto_completo.jpg?subformat=icon</subfield>
    <subfield code="x">icon</subfield>
    <subfield code="y">Versión publicada</subfield>
  </datafield>
  <datafield tag="909" ind1="C" ind2="O">
    <subfield code="o">oai:zaguan.unizar.es:164157</subfield>
    <subfield code="p">articulos</subfield>
    <subfield code="p">driver</subfield>
  </datafield>
  <datafield tag="951" ind1=" " ind2=" ">
    <subfield code="a">2025-11-27-15:16:07</subfield>
  </datafield>
  <datafield tag="980" ind1=" " ind2=" ">
    <subfield code="a">ARTICLE</subfield>
  </datafield>
</record>
</collection>